000
00294 a2200145 4500
001
111161
041
_a
por
090
_a
Laptop Lenovo 03
245
1
0
_a
Laptop Lenovo 03
250
_a
. ed.
300
_a
1 laptop
040
_a
BR-BrIDEA
_c
BR-BrIDEA
260
_a
[S.l.]
_c
2018
942
_c
DE
999
_c
111161
_d
111161